000 02439cam a22005174i 4500
003 PE-LiUPU
005 20250731173403.0
008 150706s r 000 0 d
020 _a9781558830035
035 _a(Sirsi) i9781558830035
040 _aPE-LiUPU
_bspa
_cPE-LiUPU
_erda
049 _aPRUA
082 0 4 _a230
_bR78
_221
100 1 _aRoldán, Alberto F.,
_eautor.
245 1 1 _a¿Para qué sirve la teología? /
_cAlberto F. Rodán.
250 _a2a
264 1 _aMichigan :
_bLibros desafío,
_c2011.
300 _a226 páginas ;
_c23 cm.
336 _atext
_2rdacontent
337 _aunmediated
_2rdamedia
338 _avolume
_2rdacarrier
504 _aIncluye bibliografía comentada y general.
505 0 _a¿Qué es la teología? -- ¿Cómo se hace la teología? -- ¿Qué servicio presta la teología? -- ¿Cómo se desarrolló la autoridad en la teología? -- ¿Qué caminos ha recorrido la teología en América Latina? -- ¿Cómo desafía la posmodernidad a la teología? -- ¿Teologías posmodernas? -- Teologías de espiritualidad y de género -- La educación teológica ante los desafíos pluriculturales -- Educación y cultura como herramientas para la misión.
526 _aSEG42
526 _aSEG41
526 _aSEG40
526 _aSEG39
526 _aP94
526 _aP87
526 _aP86
526 _aP85
526 _aP77
526 _aP76
526 _aP35
541 _g001-0000519;
541 _g001-0000567;
650 0 4 _aTeología.
910 _cjck
_d20110804
942 _2ddc
_cBOOK
949 _a230 R78
_wDEWEY
_c1
_i63256
_lCCODEBUL1
_mBUL
_p18.00
_r0
_sY
_tBOOK
_u2015-7-6
_xTEOLOGIA
_PP35
_o.STAFF. Colección General
949 _a230 R78
_wDEWEY
_c2
_i64686
_lCCODEBUL1
_mBUL
_p18.00
_r0
_sY
_tBOOK
_u2015-7-6
_xTEOLOGIA
_PP35
_o.STAFF. Colección General
994 _aC0
_bPEPRU
596 _a1
999 _a230 R78
_wDEWEY
_c52239
_i63256
_d52239
_e2019-8-13
_f2021-11-9
_g5
_lCCODEBUL1
_mBUL
_n6
_p18.00
_q1
_r0
_sY
_tBOOK
_u2015-7-6
_xTEOLOGIA
_PP35
_0COMPRA
_o.STAFF. Colección General
999 _a230 R78
_wDEWEY
_c2
_i64686
_d2018-4-11
_e2017-5-22
_f2021-11-9
_g4
_lCCODEBUL1
_mBUL
_n1
_p18.00
_q1
_r0
_sY
_tBOOK
_u2015-7-6
_xTEOLOGIA
_PP35
_0COMPRA
_o.STAFF. Colección General
980 _81
_gALBERTO SANCHEZ Responsable de Automatización